Normal view
MARC view
- الفكر الاسلامي- الحضارة الاسلامية- التجديد والاصلاح
Entry Topical Term
001 - CONTROL NUMBER
- control field: 52358
003 - CONTROL NUMBER IDENTIFIER
- control field: JO-AjAnu
005 - DATE AND TIME OF LATEST TRANSACTION
- control field: 20230606082615.0
008 - FIXED-LENGTH DATA ELEMENTS
- fixed length control field: 230606|| aca||aabn | a|a d
040 ## - CATALOGING SOURCE
- Original cataloging agency: JO-AjAnu
- Transcribing agency: JO-AjAnu
150 ## - HEADING--TOPICAL TERM
- Topical term or geographic name entry element: الفكر الاسلامي- الحضارة الاسلامية- التجديد والاصلاح
670 ## - SOURCE DATA FOUND
- Source citation: Work cat.: (JO-AjAnu)26756: شابرا، محمد عمر ؛ ترجمة محمد زهير السمهوري, author 52357, الحضارة الإسلامية أسباب الإنحطاط والحاجة الى الإصلاح